[Event "US Masters op"]
[Site "Hawaii"]
[Date "1998.07.28"]
[Round "8"]
[White "Kahane, Gabe"]
[Black "Smith, Paul V"]
[Result "1/2-1/2"]
[WhiteElo "2100"]
[BlackElo "2120"]
[PlyCount "63"]
[EventDate "1998.07.??"]
[EventType "swiss"]
[EventRounds "9"]
[EventCountry "USA"]
[SourceTitle "EXT 1999"]
[Source "ChessBase"]
[SourceDate "1998.11.16"]
[SourceVersion "1"]
[SourceVersionDate "1998.11.16"]
[SourceQuality "1"]

1. e4 c5 2. Nf3 d6 3. d4 cxd4 4. Nxd4 Nf6 5. Nc3 Nc6 6. Bc4 Qb6 7. Ndb5 a6 8. Be3 Qa5 9. Nd4 Nxd4 10. Qxd4 e5 11. Qd2 Be7 12. 0-0 Qc7 13. Bb3 Be6 14. f3 b5 15. Kh1 0-0 16. Bg5 h6 17. Bxf6 Bxf6 18. Rad1 Rfd8 19. Qe2 Bg5 20. Nd5 Qc5 21. Rd3 Bxd5 22. Rxd5 Qb6 23. Rfd1 Rac8 24. g3 Rc5 25. f4 Rxd5 26. Bxd5 Bf6 27. Qh5 Rd7 28. fxe5 dxe5 29. Rf1 Rc7 30. Rf3 Qd4 31. Rc3 Qf2 32. Qd1 1/2-1/2

[Event "Hawaii op"]
[Site "Honolulu"]
[Date "1997.??.??"]
[Round "?"]
[White "Heyl, Thomas"]
[Black "Kahane, Gabe"]
[Result "0-1"]
[WhiteElo "2085"]
[BlackElo "2130"]
[PlyCount "52"]
[EventDate "1997.04.??"]
[EventType "swiss"]
[EventRounds "11"]
[EventCountry "USA"]
[SourceTitle "EXT 1998"]
[Source "ChessBase"]
[SourceDate "1997.11.17"]
[SourceVersion "1"]
[SourceVersionDate "1997.11.17"]
[SourceQuality "1"]

1. d4 d5 2. Nf3 e6 3. c4 c5 4. cxd5 exd5 5. Nc3 Nc6 6. g3 Nf6 7. Bg2 Be7 8. 0-0 0-0 9. Bg5 cxd4 10. Nxd4 h6 11. Be3 Re8 12. Rc1 Bf8 13. a3 Bg4 14. Re1 Qd7 15. Nxc6 bxc6 16. Na4 Bh3 17. Bf3 Ne4 18. Bg2 Bxg2 19. Kxg2 Re5 20. h3 Nxg3 21. Kxg3 Qd6 22. Kg2 Qg6+ 23. Kh2 Rxe3 24. Rc3 Bd6+ 25. Kh1 Qe4+ 26. Kg1 Qf4 0-1

[Event "Chicago op"]
[Site "Chicago"]
[Date "1997.??.??"]
[Round "6"]
[White "Kahane, Gabe"]
[Black "Gelman, Charles L"]
[Result "0-1"]
[WhiteElo "2130"]
[BlackElo "2295"]
[PlyCount "140"]
[EventDate "1997.05.26"]
[EventType "swiss"]
[EventRounds "7"]
[EventCountry "USA"]
[SourceTitle "EXT 2000"]
[Source "ChessBase"]
[SourceDate "1999.11.16"]
[SourceVersion "1"]
[SourceVersionDate "1999.11.16"]
[SourceQuality "1"]

1. e4 e6 2. d4 d5 3. Nd2 Nf6 4. e5 Nfd7 5. Bd3 c5 6. c3 Nc6 7. Ne2 cxd4 8. cxd4 Qb6 9. Nf3 Bb4+ 10. Kf1 f6 11. exf6 Nxf6 12. h4 0-0 13. Nf4 Bd7 14. Be3 Bd6 15. Ne5 Rae8 16. Nh5 Qc7 17. Nxf6+ Rxf6 18. Qh5 g6 19. Nxg6 Nb4 20. Ne5 Bc6 21. Nxc6 Qxc6 22. Qxh7+ Kf8 23. Bh6+ Rxh6 24. Qxh6+ Ke7 25. Rc1 Qb6 26. Qg7+ Kd8 27. Bg6 Rf8 28. Bf7 Nd3 29. Bxe6 Rxf2+ 30. Kg1 Rxg2+ 31. Qxg2 Qxd4+ 32. Kf1 Qf6+ 33. Kg1 Nxc1 34. Qg5 Ne2+ 35. Kg2 Nf4+ 36. Kf3 Qxg5 37. hxg5 Nxe6 38. g6 Bf8 39. Kg4 Bg7 40. Kf5 Kd7 41. b3 a6 42. Re1 Nd4+ 43. Kf4 b6 44. Rf1 Kd6 45. Ke3 Ke5 46. Rf7 Ne6 47. Ke2 Bf6 48. Kd1 Kf5 49. Rb7 b5 50. Rb6 Nf4 51. a3 Nxg6 52. Rxa6 Nf4 53. Rb6 d4 54. Rxb5+ Ke4 55. Rb7 Nd5 56. Rd7 d3 57. Rd6 Be7 58. Re6+ Kd4 59. b4 Nc3+ 60. Kc1 Bg5+ 61. Kb2 Bf4 62. Re8 Nd5 63. Rd8 Bd2 64. b5 Ba5 65. Rd7 Kc4 66. Kc1 Nc3 67. Kd2 Nxb5+ 68. Ke3 Bb6+ 69. Kd2 Nd4 70. a4 Ba5+ 0-1

[Event "Chicago op"]
[Site "Chicago"]
[Date "1997.??.??"]
[Round "2"]
[White "Kahane, Gabe"]
[Black "Hanken, Jerome B"]
[Result "1-0"]
[WhiteElo "2130"]
[BlackElo "2135"]
[PlyCount "89"]
[EventDate "1997.05.26"]
[EventType "swiss"]
[EventRounds "7"]
[EventCountry "USA"]
[SourceTitle "EXT 2000"]
[Source "ChessBase"]
[SourceDate "1999.11.16"]
[SourceVersion "1"]
[SourceVersionDate "1999.11.16"]
[SourceQuality "1"]

1. e4 g6 2. d4 Bg7 3. Nf3 c5 4. c3 cxd4 5. cxd4 d5 6. e5 Bg4 7. h3 Bxf3 8. Qxf3 Nc6 9. Bb5 e6 10. 0-0 Nge7 11. Nc3 Nf5 12. Rd1 0-0 13. Bxc6 bxc6 14. Na4 Qa5 15. b3 c5 16. Bd2 Qc7 17. dxc5 Bxe5 18. Rac1 Bg7 19. Bc3 d4 20. Ba1 e5 21. g4 Ne7 22. b4 Rab8 23. Qb3 Rb5 24. Qc4 Rfb8 25. Nb6 R5xb6 26. cxb6 Qxb6 27. a3 Bh6 28. Rc2 Rc8 29. Qb3 Rd8 30. Rc5 Bf4 31. Qc4 Qf6 32. Qd3 h5 33. Qf3 hxg4 34. hxg4 Kg7 35. Kf1 Rh8 36. Ke2 Rh2 37. Bb2 Qh4 38. Bxd4 Rh3 39. Qxf4 exd4 40. Qxd4+ Kh7 41. Qe4 f5 42. Qc4 Rh2 43. Qf4 Rg2 44. Qf3 Rxg4 45. Rh1 1-0

[Event "Chicago op"]
[Site "Chicago"]
[Date "1997.??.??"]
[Round "4"]
[White "Kahane, Gabe"]
[Black "Paschall, William M"]
[Result "0-1"]
[WhiteElo "2130"]
[BlackElo "2285"]
[PlyCount "54"]
[EventDate "1997.05.26"]
[EventType "swiss"]
[EventRounds "7"]
[EventCountry "USA"]
[SourceTitle "EXT 2000"]
[Source "ChessBase"]
[SourceDate "1999.11.16"]
[SourceVersion "1"]
[SourceVersionDate "1999.11.16"]
[SourceQuality "1"]

1. e4 d5 2. exd5 Nf6 3. Bb5+ Nbd7 4. c4 a6 5. Ba4 b5 6. cxb5 Nb6 7. bxa6+ Nxa4 8. Qxa4+ Bd7 9. Qc4 e6 10. dxe6 Bxe6 11. Qe2 Nd5 12. Qb5+ c6 13. Qxc6+ Ke7 14. Qc5+ Kd7 15. Qb5+ Kd6 16. b3 Rb8 17. Ba3+ Kc7 18. Qa5+ Rb6 19. Bc5 Bxc5 20. Qxc5+ Kb8 21. Nf3 Bg4 22. Nd4 Re8+ 23. Kf1 Qg5 24. a7+ Ka8 25. Qc2 Qe5 26. Nc3 Qxd4 27. f3 Nb4 0-1

[Event "American op"]
[Site "Los Angeles"]
[Date "1996.??.??"]
[Round "5"]
[White "Pilnick, Carl"]
[Black "Kahane, Gabe"]
[Result "1-0"]
[WhiteElo "2190"]
[BlackElo "2120"]
[PlyCount "61"]
[EventDate "1996.11.28"]
[EventType "swiss"]
[EventRounds "9"]
[EventCountry "USA"]
[SourceTitle "EXT 2001"]
[Source "ChessBase"]
[SourceDate "2000.11.22"]
[SourceVersion "1"]
[SourceVersionDate "2000.11.22"]
[SourceQuality "1"]

1. d4 Nf6 2. c4 e6 3. Nc3 d5 4. Bg5 Nbd7 5. e3 c6 6. cxd5 exd5 7. Bd3 Qa5 8. Qc2 Bb4 9. Nge2 0-0 10. 0-0 h6 11. Bh4 Re8 12. a3 Bd6 13. b4 Qc7 14. Bg3 Bxg3 15. Nxg3 Nf8 16. Rac1 Qd6 17. Rfe1 h5 18. h3 h4 19. Nf1 Ne6 20. f4 Nh5 21. Qf2 Qe7 22. Be2 g6 23. Bxh5 gxh5 24. f5 Nf8 25. f6 Qd6 26. e4 Ng6 27. exd5 Qd7 28. dxc6 Qxc6 29. d5 Qd7 30. Qd2 Rxe1 31. Qh6 1-0